[Event "8th Sunway Sitges 2021"]
[Site "Sitges ESP"]
[Date "2021.12.20"]
[Round "7.62"]
[White "De Santis, Alessio"]
[Black "Guichard, Pauline"]
[Result "0-1"]
[WhiteTitle "FM"]
[BlackTitle "IM"]
[WhiteElo "2186"]
[BlackElo "2394"]
[WhiteFideId "803405"]
[BlackFideId "639370"]
[EventDate "2021.12.13"]

1. Nf3 Nf6 2. c4 e6 3. b3 d5 4. Bb2 c5 5. e3 Nc6 6. cxd5 exd5 7. Be2 d4 8. exd4
cxd4 9. Bb5 Bc5 10. Qe2+ Be6 11. Ng5 Qd6 12. Nxe6 fxe6 13. O-O O-O 14. Bxc6 bxc6
15. d3 Bb4 16. a3 Ba5 17. b4 Bc7 18. g3 a5 19. Nd2 Qd5 20. f4 e5 21. fxe5 Bxe5
22. Rae1 Rae8 23. Qg2 axb4 24. axb4 Qd7 25. Nc4 Bb8 26. Na5 Nd5 27. Rxf8+ Rxf8
28. Qe4 Nxb4 29. Bxd4 Ba7 30. Be3 Nd5 31. Nc4 Nxe3 32. Nxe3 Re8 33. Qc4+ Kh8 34.
Kf2 Qf5+ 35. Kg2 Bxe3 36. Qxc6 Rf8 37. Ra1 Bd4 38. Rb1 Qxd3 39. Qb5 Qe4+ 40. Kh3
Qe6+ 41. g4 Rf3+ 42. Kg2 Rf2+ 43. Kh3 Qe3+ 0-1

[Event "8th Sunway Sitges 2021"]
[Site "Sitges ESP"]
[Date "2021.12.20"]
[Round "7.63"]
[White "Meister, Peter"]
[Black "Ezquerro Luque, Albert"]
[Result "1/2-1/2"]
[WhiteTitle "IM"]
[WhiteElo "2359"]
[BlackElo "2112"]
[WhiteFideId "4600207"]
[BlackFideId "2276682"]
[EventDate "2021.12.13"]

1. d4 Nf6 2. Nf3 e6 3. e3 b6 4. Bd3 Bb7 5. O-O d5 6. b3 Nbd7 7. c4 Bd6 8. Bb2
Qe7 9. Ne5 O-O 10. Nd2 Bxe5 11. dxe5 Ne4 12. Bxe4 dxe4 13. Qg4 Nc5 14. Ba3 f5
15. exf6 Rxf6 16. Bxc5 bxc5 17. Qh4 Qf7 18. Rad1 Rf8 19. Nb1 Rh6 20. Qg5 Rg6 21.
Qe5 Qe7 22. h3 Rf5 23. Qh2 h5 24. Nc3 h4 25. Ne2 e5 26. Nc3 Rfg5 27. Rd2 Qf7 28.
Kh1 Kh7 29. Ne2 Bc8 30. Ng1 Be6 31. f4 exf3 32. Rxf3 Qe8 33. Rff2 Qa8 34. Nf3
Rg3 35. e4 Qxe4 36. Rde2 Qa8 37. Nxe5 Rxh3 38. Nxg6 Rxh2+ 39. Kxh2 Bg4 40. Nf8+
Kh6 41. Re5 Qd8 42. Re4 Qd6+ 43. Kg1 Kh5 44. Rff4 Qd1+ 45. Kh2 Qd6 46. Kg1 Qd1+
47. Kh2 1/2-1/2

[Event "8th Sunway Sitges 2021"]
[Site "Sitges ESP"]
[Date "2021.12.20"]
[Round "7.64"]
[White "Santarius, Erik"]
[Black "Alvarez Albiol, Victor"]
[Result "0-1"]
[WhiteTitle "IM"]
[WhiteElo "2355"]
[BlackElo "2130"]
[WhiteFideId "2025817"]
[BlackFideId "32065930"]
[EventDate "2021.12.13"]

1. d4 Nf6 2. c4 g6 3. Nf3 Bg7 4. g3 O-O 5. Bg2 d6 6. O-O c5 7. Nc3 Nc6 8. d5 Na5
9. Nd2 a6 10. Rb1 Rb8 11. b3 b5 12. Bb2 bxc4 13. bxc4 Bh6 14. f4 Ng4 15. Rf3 e5
16. h3 Nf6 17. Qc2 exf4 18. gxf4 Re8 19. e4 Bg7 20. Rff1 Nh5 21. Ne2 Rxb2 22.
Rxb2 Bd7 23. Rbb1 f5 24. Kh2 fxe4 25. Nxe4 Bf5 26. N2g3 Nxg3 27. Kxg3 g5 28. Kh2
gxf4 29. Rbe1 Be5 30. Kh1 Nb7 31. Qb3 Na5 32. Qc2 Qh4 33. Qa4 Rb8 34. Qxa5 Bxh3
35. Qa3 Bxg2+ 36. Kxg2 f3+ 37. Rxf3 Qxe1 38. Nf2 Kh8 39. Qd3 Rg8+ 40. Kh3 Qg1 0-1

[Event "8th Sunway Sitges 2021"]
[Site "Sitges ESP"]
[Date "2021.12.20"]
[Round "7.65"]
[White "Peist, Juergen"]
[Black "Nawin, J J"]
[Result "0-1"]
[WhiteTitle "FM"]
[WhiteElo "2351"]
[BlackElo "2109"]
[WhiteFideId "4606019"]
[BlackFideId "45031231"]
[EventDate "2021.12.13"]

1. d4 Nf6 2. c4 g6 3. Nc3 Bg7 4. Nf3 O-O 5. e4 d6 6. Be2 e5 7. O-O Nbd7 8. Qc2
c6 9. Rd1 Qe7 10. d5 c5 11. Bg5 h6 12. Bh4 g5 13. Bg3 Nh5 14. Nd2 Nf4 15. Nf1
Nf6 16. Ne3 h5 17. h3 Bh6 18. Re1 Kh8 19. Rab1 Rg8 20. b4 Nxe2+ 21. Qxe2 h4 22.
Bh2 g4 23. hxg4 Nxg4 24. Nf5 Qg5 25. Qf3 cxb4 26. Rxb4 Nxh2 27. Kxh2 Bxf5 28.
exf5 Qf4+ 29. Qxf4 Bxf4+ 30. Kh3 Bd2 31. Re4 Bxc3 32. Rxb7 Kg7 33. Rxh4 Rh8 34.
Rxh8 Rxh8+ 35. Kg4 Rc8 36. Rxa7 Rxc4+ 37. Kg5 Bd2+ 38. Kh5 Rf4 0-1

[Event "8th Sunway Sitges 2021"]
[Site "Sitges ESP"]
[Date "2021.12.20"]
[Round "7.66"]
[White "Jafarli, Babak"]
[Black "Zadruzny, Nicolaj"]
[Result "1-0"]
[BlackTitle "FM"]
[WhiteElo "2175"]
[BlackElo "2348"]
[WhiteFideId "13406019"]
[BlackFideId "1709550"]
[EventDate "2021.12.13"]

1. e4 c5 2. Nc3 Nc6 3. d3 g6 4. Be3 d6 5. d4 cxd4 6. Bxd4 f6 7. Be3 Nh6 8. f3
Nf7 9. h4 Bg7 10. Bc4 Nfe5 11. Bb3 h5 12. Nh3 Bxh3 13. gxh3 Bh6 14. Bxh6 Rxh6
15. f4 Nd7 16. Qd5 Nc5 17. O-O-O e6 18. Qxd6 Qxd6 19. Rxd6 Ke7 20. Rhd1 Rhh8 21.
Bxe6 Nxe6 22. Rd7+ Ke8 23. f5 gxf5 24. exf5 Nf8 25. Rc7 Rh7 26. Nd5 Kd8 27. Rxh7
Nxh7 28. Nxf6+ Ke7 29. Nxh7 Rh8 30. Ng5 Rf8 31. Re1+ Kd6 32. f6 Ne5 33. Rd1+ Kc6
34. f7 1-0

[Event "8th Sunway Sitges 2021"]
[Site "Sitges ESP"]
[Date "2021.12.20"]
[Round "7.67"]
[White "Knudsen, Simon"]
[Black "Pogorelov, Ruslan"]
[Result "1/2-1/2"]
[BlackTitle "GM"]
[WhiteElo "2171"]
[BlackElo "2345"]
[WhiteFideId "12985546"]
[BlackFideId "14100363"]
[EventDate "2021.12.13"]

1. e4 c5 2. Nf3 Nc6 3. Bb5 g6 4. Bxc6 dxc6 5. d3 Bg7 6. h3 Nf6 7. Nc3 Nd7 8. Be3
e5 9. Qd2 h6 10. O-O b6 11. Nh2 Nf8 12. f4 exf4 13. Bxf4 g5 14. Bg3 Ng6 15. e5
O-O 16. Rae1 Be6 17. Kh1 f5 18. exf6 Rxf6 19. Qe2 Rxf1+ 20. Rxf1 Qd7 21. Qh5 Nf8
22. Ne4 Nh7 23. b3 Bf7 24. Qg4 Qd5 25. Nd6 h5 26. Qf5 Qxf5 27. Nxf5 Bf6 28. Nh6+
Kg7 29. Nxf7 Kxf7 30. Nf3 Re8 31. Ne5+ Kg7 32. Nxc6 Re2 33. Nxa7 Rxc2 34. Nc8
Rxa2 35. Nxb6 Rd2 36. Nd7 Bd4 37. Be5+ Bxe5 38. Nxe5 Nf6 39. Rc1 g4 40. hxg4
Nxg4 41. Nxg4 hxg4 42. Rxc5 Rxd3 43. Rg5+ 1/2-1/2

[Event "8th Sunway Sitges 2021"]
[Site "Sitges ESP"]
[Date "2021.12.20"]
[Round "7.68"]
[White "Betaneli, Alexander"]
[Black "Domingo Nunez, Alejandro"]
[Result "1/2-1/2"]
[WhiteTitle "FM"]
[BlackTitle "FM"]
[WhiteElo "2163"]
[BlackElo "2340"]
[WhiteFideId "2012359"]
[BlackFideId "22245561"]
[EventDate "2021.12.13"]

1. d4 Nf6 2. Nf3 b6 3. c4 Bb7 4. Nc3 e6 5. Bg5 Bb4 6. e3 h6 7. Bh4 g5 8. Bg3 Ne4
9. Qc2 Bxc3+ 10. bxc3 d6 11. Bd3 f5 12. c5 bxc5 13. Qb3 Qc8 14. Bxe4 fxe4 15.
Nd2 cxd4 16. cxd4 Bd5 17. Qc2 Qb7 18. f3 Qc6 19. Qxc6+ Bxc6 20. Nxe4 Na6 21. O-O
Rb8 22. Nc3 Nb4 23. Rac1 Kd7 24. a3 Nd3 25. Rb1 Nb2 26. e4 Nc4 27. d5 exd5 28.
exd5 Ba8 29. Bf2 a5 30. Bd4 Rhc8 31. Ba7 Rxb1 32. Rxb1 Re8 33. a4 c6 34. Ne4 Rf8
35. dxc6+ Bxc6 36. Rd1 Bxe4 37. fxe4 Rf4 38. Rd4 Ne3 39. h3 Kc6 40. Rd3 Nc4 41.
Rd4 Ne5 42. Bb8 Rf6 43. Rd1 Nc4 44. Rc1 d5 45. Ba7 Rf7 46. Bf2 Rb7 47. exd5+
Kxd5 48. Rd1+ Ke6 49. Re1+ Kd5 50. Rd1+ Ke6 51. Re1+ Kd6 52. Rd1+ Ke5 53. Re1+
Kf5 54. Rf1 Ke4 55. Re1+ Kf5 56. Rf1 Ke4 57. Re1+ Kf5 58. Rf1 1/2-1/2

[Event "8th Sunway Sitges 2021"]
[Site "Sitges ESP"]
[Date "2021.12.20"]
[Round "7.69"]
[White "Garcia Molina, Jose"]
[Black "Cadilhac, Igor Tokuichi Kikuchi"]
[Result "0-1"]
[BlackTitle "FM"]
[WhiteElo "2157"]
[BlackElo "2325"]
[WhiteFideId "32030592"]
[BlackFideId "2132150"]
[EventDate "2021.12.13"]

1. d4 Nf6 2. c4 e6 3. Nc3 d5 4. cxd5 exd5 5. Bg5 Be7 6. e3 c6 7. Qc2 h6 8. Bh4
Nh5 9. Bxe7 Qxe7 10. O-O-O Nd7 11. Bd3 Nb6 12. h3 Bd7 13. Nf3 O-O-O 14. a4 Kb8
15. Ne5 Be8 16. a5 Nc8 17. Qb3 Nf6 18. Kb1 Nd6 19. Rc1 Rc8 20. Rc2 Nfe4 21. Rhc1
f6 22. Nf3 Bf7 23. Na4 Nc4 24. Bxc4 dxc4 25. Qa2 c3 26. b3 Qb4 27. Rxc3 Nxc3+
28. Rxc3 Qxa5 29. Qc2 Rhe8 30. Nd2 Qg5 31. g3 Qh5 32. Nc5 Rcd8 33. b4 Bg6 34.
Nd3 Qxh3 35. Kb2 Rd5 36. Nb3 Rb5 37. Ka3 Qf1 38. Nbc1 a5 39. Rxc6 Bxd3 40. Nxd3
bxc6 41. Qxc6 Qxd3+ 42. Ka2 Qd2+ 43. Ka1 Qd1+ 44. Ka2 Qa4+ 0-1

[Event "8th Sunway Sitges 2021"]
[Site "Sitges ESP"]
[Date "2021.12.20"]
[Round "7.70"]
[White "Vaibhav, Jayant Raut"]
[Black "Kapitanchuk, Tomas"]
[Result "1-0"]
[BlackTitle "FM"]
[WhiteElo "2097"]
[BlackElo "2323"]
[WhiteFideId "5089034"]
[BlackFideId "135046"]
[EventDate "2021.12.13"]

1. c4 Nf6 2. g3 e5 3. Bg2 d5 4. cxd5 Nxd5 5. Nf3 Nc6 6. O-O Be7 7. d4 e4 8. Ne5
f5 9. Nxc6 bxc6 10. Nc3 O-O 11. f3 exf3 12. Bxf3 Be6 13. Nxd5 Bxd5 14. Bf4 Bf6
15. Rc1 Bxf3 16. Rxf3 Bxd4+ 17. e3 Bb6 18. Qxd8 Raxd8 19. Rxc6 Rd2 20. Rf2 Rfd8
21. Rc2 Rd1+ 22. Rf1 R1d3 23. Re1 Kf7 24. Kg2 Rd2+ 25. Re2 Rxc2 26. Rxc2 h6 27.
h4 Kg6 28. Kf3 Kh5 29. b4 Rd3 30. a4 g5 31. a5 Bxa5 32. bxa5 gxf4 33. Kxf4 Rd5
34. e4 fxe4 35. g4+ Kg6 36. Rc6+ Kf7 37. Rxc7+ Ke6 38. Rxa7 Re5 39. Ra6+ Kd5 40.
Ke3 h5 41. Rg6 Kc4 42. Rg5 Rxg5 43. hxg5 h4 44. g6 1-0

[Event "8th Sunway Sitges 2021"]
[Site "Sitges ESP"]
[Date "2021.12.20"]
[Round "7.71"]
[White "Namitbir, Singh Walia"]
[Black "Mohamed, Anees M"]
[Result "1/2-1/2"]
[BlackTitle "FM"]
[WhiteElo "2093"]
[BlackElo "2312"]
[WhiteFideId "35071068"]
[BlackFideId "35065815"]
[EventDate "2021.12.13"]

1. e4 c5 2. Nf3 Nc6 3. d4 cxd4 4. Nxd4 Nf6 5. Nc3 d6 6. Bg5 e6 7. Qd3 Bd7 8.
O-O-O a6 9. f4 b5 10. Qf3 Nxd4 11. Rxd4 Qb6 12. Bxf6 gxf6 13. Rd1 b4 14. Ne2 Rc8
15. Nd4 Qc5 16. Rd2 a5 17. Kb1 a4 18. Ba6 Rb8 19. f5 e5 20. Ne2 Rb6 21. Qd3 h5
22. Bc4 Rg8 23. Ng3 h4 24. Nf1 Bh6 25. Re2 Rg4 26. g3 Bc6 27. h3 Rg8 28. g4 Ke7
29. Ne3 Bxe3 30. Rxe3 Bb7 31. Rd1 Rc8 32. b3 axb3 33. cxb3 Ba6 34. Bxa6 Rxa6 35.
Re2 Rac6 36. Red2 Qa5 37. Rg2 Qc7 38. Qd2 1/2-1/2

[Event "8th Sunway Sitges 2021"]
[Site "Sitges ESP"]
[Date "2021.12.20"]
[Round "7.72"]
[White "Ortega Serra, Marc"]
[Black "Aaditya, Dhingra"]
[Result "1/2-1/2"]
[BlackTitle "CM"]
[WhiteElo "2292"]
[BlackElo "2038"]
[WhiteFideId "2293137"]
[BlackFideId "25678191"]
[EventDate "2021.12.13"]

1. d4 Nf6 2. c4 e6 3. Nf3 d5 4. Nc3 Be7 5. cxd5 exd5 6. Bg5 c6 7. Qc2 Nbd7 8. e3
h6 9. Bf4 Nh5 10. Be5 Nxe5 11. Nxe5 Nf6 12. Bd3 Bd6 13. Nf3 O-O 14. h3 Re8 15.
O-O-O Qe7 16. g4 Ne4 17. Bxe4 dxe4 18. Nd2 f5 19. gxf5 Bxf5 20. f3 Bb4 21. fxe4
Bxc3 22. bxc3 Bxe4 23. Qxe4 Qxe4 24. Nxe4 Rxe4 25. Kd2 Rae8 26. Rde1 g5 27. Kd3
b5 28. Rhf1 Kg7 29. Rf5 Rh4 30. Rf3 Rhe4 31. a4 a6 32. axb5 axb5 33. Ra1 h5 34.
Rg3 Kg6 35. Rag1 g4 36. hxg4 h4 37. Rf3 Kg5 1/2-1/2

[Event "8th Sunway Sitges 2021"]
[Site "Sitges ESP"]
[Date "2021.12.20"]
[Round "7.73"]
[White "Alexiadis, Hristos"]
[Black "Karadzhov, Ivan"]
[Result "1/2-1/2"]
[WhiteTitle "FM"]
[WhiteElo "2285"]
[BlackElo "2019"]
[WhiteFideId "4249623"]
[BlackFideId "2922568"]
[EventDate "2021.12.13"]

1. e4 c5 2. Nf3 d6 3. Bb5+ Bd7 4. Bxd7+ Qxd7 5. O-O Nc6 6. Qe2 Nf6 7. Rd1 e6 8.
d4 cxd4 9. Nxd4 Be7 10. c4 O-O 11. Nc3 Rac8 12. b3 a6 13. Bb2 Qc7 14. h3 Nd7 15.
Nxc6 Qxc6 16. Nd5 Bd8 17. Rac1 Re8 18. Qd2 Ne5 19. Qd4 f6 20. Nc3 Ba5 21. Qxd6
Qxd6 22. Rxd6 Red8 23. Rxd8+ Rxd8 24. Ba3 Nd3 25. Rc2 Ne1 26. Rc1 Nd3 27. Rc2
Ne1 28. Rc1 Nd3 29. Rc2 Ne1 1/2-1/2

[Event "8th Sunway Sitges 2021"]
[Site "Sitges ESP"]
[Date "2021.12.21"]
[Round "8.1"]
[White "Cheparinov, Ivan"]
[Black "Kollars, Dmitrij"]
[Result "1/2-1/2"]
[WhiteTitle "GM"]
[BlackTitle "GM"]
[WhiteElo "2664"]
[BlackElo "2622"]
[WhiteFideId "2905540"]
[BlackFideId "12909572"]
[EventDate "2021.12.13"]

1. d4 Nf6 2. c4 e6 3. Nf3 b6 4. g3 Ba6 5. b3 Bb4+ 6. Bd2 Be7 7. Bg2 c6 8. O-O d5
9. Qc2 O-O 10. Rd1 Nbd7 11. a4 Qc8 12. Bc1 c5 13. Ba3 Re8 14. cxd5 exd5 15. Nc3
Bb7 16. Rac1 Nf8 17. e3 h6 18. Qb1 Qe6 19. Ne2 Rac8 20. Nf4 Qe4 21. Qa1 Qh7 22.
h4 Bd6 23. a5 Rc7 24. Bb2 c4 25. bxc4 Bxf4 26. exf4 dxc4 27. d5 Nxd5 28. Be5 Rc5
29. axb6 axb6 30. Nd4 Qg6 31. f5 Qg4 32. Bd6 Ra5 33. Qb1 Rea8 34. Kh2 Nc3 35.
Bxb7 Nxb1 36. Bf3 Qxf3 37. Nxf3 Rxf5 38. Kg2 Na3 39. Ra1 Rfa5 40. Ne5 Nb5 41.
Rxa5 bxa5 42. Bxf8 Kxf8 43. Rd5 Nc3 44. Rd7 a4 45. Rxf7+ Kg8 46. Rf3 Nb5 47.
Nxc4 a3 48. Nxa3 Rxa3 49. Rf4 Nd6 50. Rd4 Ne8 51. Rd2 Nf6 52. Rb2 Rd3 53. Ra2
Kf7 54. Ra7+ Kg6 55. Ra2 Kf5 56. Ra7 g6 57. Ra2 Ne4 58. Ra5+ Ke6 59. Ra8 Rd2 60.
Kf3 Nf6 61. Ra6+ Kf5 62. Ra5+ Rd5 63. Ra4 Nd7 64. Kg2 Ne5 65. Ra2 Rd3 66. Rb2
Ra3 67. Rc2 Nd7 68. Rb2 Ra5 69. Rc2 Rd5 70. Ra2 Nf6 71. Rb2 Ne4 72. Rb8 Rd2 73.
Rf8+ Nf6 74. Kf3 Ke6 75. Ra8 Nd7 76. Ra6+ Kf7 77. Ra7 Ke7 78. Ra5 Nf8 79. Ra7+
Kf6 80. Ra6+ Ne6 81. Kg2 Rc2 82. Rb6 Kf5 83. Rb8 g5 84. hxg5 hxg5 85. Rb5+ Nc5
86. Kf3 g4+ 87. Ke3 Ke6 88. f3 Rc3+ 89. Kd2 Rd3+ 90. Ke1 Kd5 91. fxg4 Kd4 92. g5
Ra3 93. Rb8 Ke3 94. Re8+ Ne4 95. Kd1 Ra6 96. Kc2 Rg6 97. g4 Rxg5 98. Kb3 Rxg4
99. Kc2 Rg6 100. Kb3 Rc6 101. Kb4 Kd4 102. Rd8+ Nd6 103. Kb3 Kd3 104. Kb4 Rc4+
105. Kb3 Rd4 106. Rh8 Nf5 107. Rh3+ Ne3 108. Ka3 Rf4 109. Kb3 Re4 110. Rh8 Re5
111. Rd8+ Nd5 112. Rd7 Kd4 113. Rd8 Re7 114. Kc2 Rb7 115. Kc1 Kc4 116. Kc2 Ne3+
117. Kd2 Nf5 118. Rc8+ Kd4 1/2-1/2

[Event "8th Sunway Sitges 2021"]
[Site "Sitges ESP"]
[Date "2021.12.21"]
[Round "8.2"]
[White "Abdusattorov, Nodirbek"]
[Black "Puranik, Abhimanyu"]
[Result "1/2-1/2"]
[WhiteTitle "GM"]
[BlackTitle "GM"]
[WhiteElo "2633"]
[BlackElo "2604"]
[WhiteFideId "14204118"]
[BlackFideId "5061245"]
[EventDate "2021.12.13"]

1. e4 e5 2. Nf3 Nc6 3. Bb5 Nf6 4. d3 Bc5 5. Bxc6 dxc6 6. Nbd2 Nd7 7. O-O O-O 8.
c3 Re8 9. Nc4 Bf8 10. Re1 a5 11. Bg5 f6 12. Bh4 Nc5 13. Re3 Qd7 14. Qc2 Ne6 15.
a4 Bc5 16. Ree1 Nf4 17. d4 exd4 18. cxd4 Nxg2 19. Kxg2 Qh3+ 20. Kg1 Qxf3 21.
dxc5 Bh3 22. Ne3 Rxe4 23. Bg3 f5 24. Bxc7 f4 25. Qd1 Rxe3 26. Qxf3 Rxf3 27. Re7
Rd3 28. Bxf4 Rad8 29. Rae1 R8d4 30. Bd6 Rg4+ 31. Kh1 Bg2+ 32. Kg1 Bh3+ 33. Kh1
Bg2+ 34. Kg1 Bd5+ 35. Bg3 h5 36. h4 Rb3 37. R7e5 Rxb2 38. Rxh5 Rxa4 39. Kh2 Re4
40. Rxe4 Bxe4 41. Re5 Bd5 42. Re7 g6 43. Rc7 a4 44. Be5 Rxf2+ 45. Kg3 Re2 46.
Bf6 Re6 47. Bg5 a3 48. Rxb7 a2 49. Ra7 Re1 50. Bf6 Rc1 51. Kf4 Rxc5 52. Ke5 Rc1
53. Kd6 Rd1 54. Be5 c5 55. Kxc5 Bb3 56. Bd4 Kf8 57. Bf6 Rd2 58. Kb4 Be6 59. Kc5
Bd7 60. Bg5 Re2 61. Kd6 Be8 62. Bf6 Bf7 1/2-1/2

[Event "8th Sunway Sitges 2021"]
[Site "Sitges ESP"]
[Date "2021.12.21"]
[Round "8.3"]
[White "Dardha, Daniel"]
[Black "Korobov, Anton"]
[Result "1/2-1/2"]
[WhiteTitle "GM"]
[BlackTitle "GM"]
[WhiteElo "2533"]
[BlackElo "2699"]
[WhiteFideId "240990"]
[BlackFideId "14105730"]
[EventDate "2021.12.13"]

1. Nf3 d5 2. g3 g6 3. Bg2 Bg7 4. d4 Nf6 5. O-O O-O 6. c4 c6 7. cxd5 cxd5 8. Nc3
e6 9. Ne5 Nfd7 10. f4 Nb6 11. b3 Nc6 12. a4 f6 13. Nf3 a5 14. Ba3 Rf7 15. Qd2
Bf8 16. Bxf8 Qxf8 17. e4 dxe4 18. Nxe4 Nd5 19. Rac1 Ncb4 20. Rfe1 b6 21. Nc3
Nxc3 22. Rxc3 Nd5 23. Rcc1 Qd6 24. Qe2 Re7 25. Nd2 Bb7 26. Nc4 Qd8 27. h4 h5 28.
Ne3 Ra7 29. Nxd5 Bxd5 30. Bxd5 Qxd5 31. Qe4 Qxe4 32. Rxe4 Kf7 33. Rc6 Rab7 34.
Rd6 b5 1/2-1/2

[Event "8th Sunway Sitges 2021"]
[Site "Sitges ESP"]
[Date "2021.12.21"]
[Round "8.4"]
[White "Erigaisi, Arjun"]
[Black "Muradli, Mahammad"]
[Result "1-0"]
[WhiteTitle "GM"]
[BlackTitle "IM"]
[WhiteElo "2629"]
[BlackElo "2503"]
[WhiteFideId "35009192"]
[BlackFideId "13409301"]
[EventDate "2021.12.13"]

1. e4 c5 2. Nc3 d6 3. f4 g6 4. Nf3 Bg7 5. Bb5+ Bd7 6. Bc4 Nc6 7. d3 e6 8. f5 Nf6
9. Bf4 Qe7 10. Nb5 e5 11. Bg5 O-O-O 12. Nc3 Rdf8 13. Nd5 Qd8 14. O-O gxf5 15.
exf5 Nb4 16. Ne3 h6 17. Bh4 Rhg8 18. c3 Nc6 19. Nd2 Na5 20. Ne4 Bc6 21. Nd5 b5
22. Nexf6 Bxf6 23. Bxf6 Rxg2+ 24. Kxg2 Qxf6 25. b4 Nxc4 26. dxc4 Qh4 27. Qf3 Bb7
28. cxb5 Rg8+ 29. Kh1 e4 30. Qe3 Bxd5 31. Rg1 Rg5 32. Rxg5 hxg5 33. Rd1 1-0

[Event "8th Sunway Sitges 2021"]
[Site "Sitges ESP"]
[Date "2021.12.21"]
[Round "8.5"]
[White "Vocaturo, Daniele"]
[Black "Van Foreest, Lucas"]
[Result "0-1"]
[WhiteTitle "GM"]
[BlackTitle "GM"]
[WhiteElo "2621"]
[BlackElo "2530"]
[WhiteFideId "813192"]
[BlackFideId "1039792"]
[EventDate "2021.12.13"]

1. d4 d5 2. c4 dxc4 3. Nf3 Nf6 4. e3 e6 5. Bxc4 a6 6. O-O c5 7. Bb3 Nbd7 8. Qe2
b5 9. a4 b4 10. a5 Be7 11. Rd1 Bb7 12. dxc5 Qc7 13. Bd2 Nxc5 14. Rc1 Qb8 15. Bc4
O-O 16. Be1 Rc8 17. Nbd2 h6 18. Nd4 Bf8 19. h3 e5 20. N4b3 e4 21. Nxc5 Bxc5 22.
Bb3 Bf8 23. Nc4 Bd5 24. Qd1 Qb5 25. Nb6 Bxb3 26. Qxb3 Rxc1 27. Rxc1 Rd8 28. Rc7
Nd5 29. Nxd5 Rxd5 30. Rc8 Rc5 31. Rxc5 Qxc5 32. Qa2 Bd6 33. Qb1 Qxa5 34. Qxe4
Qa1 35. Kf1 Qxb2 36. Qa8+ Bf8 37. Qxa6 b3 38. Qa8 Qc2 39. Qa4 Qd3+ 0-1

[Event "8th Sunway Sitges 2021"]
[Site "Sitges ESP"]
[Date "2021.12.21"]
[Round "8.6"]
[White "Dann, Matthias"]
[Black "Sethuraman, S.P."]
[Result "0-1"]
[WhiteTitle "IM"]
[BlackTitle "GM"]
[WhiteElo "2482"]
[BlackElo "2613"]
[WhiteFideId "24638056"]
[BlackFideId "5021596"]
[EventDate "2021.12.13"]

1. e4 c5 2. Nf3 Nc6 3. Nc3 d6 4. d4 cxd4 5. Nxd4 Nf6 6. Bg5 a6 7. Bc4 e6 8. Nxc6
bxc6 9. Qf3 h6 10. Bh4 Be7 11. O-O-O Qc7 12. g4 Rb8 13. Bb3 a5 14. Kb1 Rb4 15.
a3 Rb8 16. Rhg1 e5 17. Bxf6 Bxf6 18. Qd3 Be7 19. h4 Qb7 20. Na4 Be6 21. Ka2 Qc8
22. g5 g6 23. h5 hxg5 24. hxg6 fxg6 25. Rg3 Rxb3 26. cxb3 Qb7 27. Qe3 Rh4 28.
Nb6 Qa6 29. Rxd6 Bxd6 30. Qxg5 Qxb6 31. Qxh4 Qxf2 32. Qh8+ Qf8 33. Qh7 a4 34.
Rg1 Qf7 35. Qh8+ Qf8 36. Qh7 Bxb3+ 37. Ka1 Qf7 38. Qh8+ Kd7 39. Rh1 Qf3 40. Qh4
Bf7 41. Qe1 Qb3 0-1

[Event "8th Sunway Sitges 2021"]
[Site "Sitges ESP"]
[Date "2021.12.21"]
[Round "8.7"]
[White "Safarli, Eltaj"]
[Black "Vasquez Schroeder, Rodrigo"]
[Result "1-0"]
[WhiteTitle "GM"]
[BlackTitle "GM"]
[WhiteElo "2579"]
[BlackElo "2484"]
[WhiteFideId "13402129"]
[BlackFideId "3400042"]
[EventDate "2021.12.13"]

1. e4 c6 2. Nf3 d5 3. d3 g6 4. e5 Bg4 5. Nbd2 Bh6 6. d4 e6 7. c3 Nd7 8. Be2 Ne7
9. Nc4 dxc4 10. Bxh6 Bxf3 11. Bxf3 Nf5 12. Bd2 Qb6 13. Qe2 Qxb2 14. O-O Qb5 15.
Rfb1 Qa6 16. a4 O-O 17. a5 Rab8 18. Bg5 h6 19. Bf6 c5 20. dxc5 Nxc5 21. g4 Ng7
22. Qe3 Nd7 23. Qxh6 Nxf6 24. exf6 Ne8 25. g5 Qd6 26. Rd1 Qe5 27. Rd4 Nxf6 28.
gxf6 Qxf6 29. Rh4 Qg7 30. Qxg7+ Kxg7 31. Rxc4 Rfc8 32. Rxc8 Rxc8 33. Bxb7 Rxc3
34. Rd1 a6 35. Ra1 1-0

[Event "8th Sunway Sitges 2021"]
[Site "Sitges ESP"]
[Date "2021.12.21"]
[Round "8.8"]
[White "Harsha, Bharathakoti"]
[Black "Fier, Alexandr"]
[Result "1/2-1/2"]
[WhiteTitle "GM"]
[BlackTitle "GM"]
[WhiteElo "2489"]
[BlackElo "2572"]
[WhiteFideId "5078776"]
[BlackFideId "2107139"]
[EventDate "2021.12.13"]

1. d4 Nf6 2. Nf3 g6 3. g3 Bg7 4. Bg2 O-O 5. O-O d6 6. b3 c5 7. Bb2 cxd4 8. Nxd4
d5 9. c4 e5 10. Nf3 e4 11. Nd4 dxc4 12. Na3 c3 13. Bxc3 e3 14. Ndb5 Nc6 15. Qxd8
Rxd8 16. fxe3 Ng4 17. Bxg7 Kxg7 18. Nc4 Be6 19. Nbd6 Bxc4 20. Nxc4 Rac8 21. Bh3
h5 22. Bxg4 hxg4 23. Rad1 Rxd1 24. Rxd1 b5 25. Nd6 Rd8 26. Rd3 a6 27. Ne4 Re8
28. Nf2 Nb4 29. Rd2 f5 30. e4 Rc8 31. exf5 gxf5 32. Rd7+ Kf6 33. a3 Rc1+ 34. Kg2
Nc2 35. Nd3 Ne1+ 36. Nxe1 Rxe1 37. Kf2 Rh1 38. Kg2 Re1 39. Kf2 Rh1 40. Rd6+ Ke5
41. Rh6 f4 42. a4 bxa4 43. bxa4 Kf5 44. gxf4 Kxf4 45. Kg2 Re1 46. Kf2 Ke5 1/2-1/2

[Event "8th Sunway Sitges 2021"]
[Site "Sitges ESP"]
[Date "2021.12.21"]
[Round "8.9"]
[White "Dionisi, Thomas"]
[Black "Nihal, Sarin"]
[Result "0-1"]
[WhiteTitle "IM"]
[BlackTitle "GM"]
[WhiteElo "2396"]
[BlackElo "2662"]
[WhiteFideId "651893"]
[BlackFideId "25092340"]
[EventDate "2021.12.13"]

1. e4 c5 2. Nf3 Nc6 3. Bb5 e6 4. Bxc6 bxc6 5. d3 Ne7 6. Qe2 d6 7. e5 Nf5 8. O-O
f6 9. exd6 Bxd6 10. Nbd2 e5 11. b3 O-O 12. Ba3 Be7 13. Nc4 Be6 14. Nfd2 Nd4 15.
Qd1 Kh8 16. Re1 Bf7 17. Bb2 Qd7 18. Ne4 Rad8 19. Bc3 Bxc4 20. bxc4 f5 21. Nd2
Bd6 22. Rb1 Rde8 23. h3 Qf7 24. Nb3 Qg6 25. Bxd4 cxd4 26. c5 Bc7 27. Qd2 Re6 28.
Re2 h6 29. Rbe1 Rfe8 30. Qb4 Kh7 31. Qc4 Qg5 32. Nxd4 Rg6 33. g3 e4 34. Nf3 Qh5
35. Nh2 f4 36. Qf7 Rxg3+ 0-1